000 00661nam a22001937a 4500
999 _c14424
_d14424
003 AR-CdUCM
008 190423b ||||| |||| 00| 0 spa d
020 _a978-9972-40-432-0
040 _aMUNICIPALIDAD PROVINCIAL DEL CUSCO
_cBIBLIOTECA MUNICIPAL DEL CUSCO
082 _aPI / 803 /
_bUR87
100 _aUrteaga, Luis
_933184
245 _aEl otorongo y el oso hormiguero :
_bY otras fabulas de la amazonia /
260 _aLima :
_bPeisa quirquincho,
_c2008.
300 _c20 cm.
505 _aContenido :El otorongo y el osos hormiguero y otras fábulas de la Amazonía ...
650 _aCuentos
_9217
942 _2ddc
_cLIBROS
945 _arum
_d2019-04-23